All Manchester United Premier League Goalscorers - Statistics

General Stats
  • This quiz has been taken 557 times
  • The average score is 60 of 103
Answer Stats
Nationality Answer % Correct
Wales Ryan Giggs
99%
Portugal Cristiano Ronaldo
92%
Republic of Ireland Roy Keane
91%
England Wayne Rooney
90%
England Paul Scholes
89%
South Korea Park Ji-Sung
85%
Netherlands Robin Van Persie
85%
England David Beckham
83%
England Marcus Rashford
83%
England Andy Cole
82%
England Gary Neville
82%
Serbia Nemanja Vidic
82%
England Phil Neville
82%
Sweden Zlatan Ibrahimovic
82%
Trinidad and Tobago Dwight Yorke
81%
Netherlands Ruud Van Nistelrooy
81%
Ecuador Antonio Valencia
80%
Bulgaria Dimitar Berbatov
80%
Mexico Javier Hernandez
80%
Norway Ole Gunnar Solskjaer
80%
England Rio Ferdinand
80%
Chile Alexis Sanchez
79%
Portugal Nani
79%
France Eric Cantona
78%
Argentina Carlos Tevez
77%
France Patrice Evra
77%
France Anthony Martial
76%
Spain Juan Mata
76%
France Paul Pogba
76%
Belgium Romelu Lukaku
74%
England Nicky Butt
72%
Republic of Ireland Denis Irwin
71%
Uruguay Diego Forlan
71%
England Teddy Sheringham
71%
Japan Shinji Kagawa
69%
Scotland Darren Fletcher
68%
England Michael Carrick
68%
Brazil Anderson
67%
Northern Ireland Jonny Evans
66%
Belgium Marouane Fellaini
66%
England Phil Jones
66%
Argentina Angel Di Maria
64%
England Chris Smalling
64%
Republic of Ireland John O'Shea
64%
Brazil Rafael Da Silva
64%
England Steve Bruce
64%
Argentina Juan Sebastian Veron
63%
Netherlands Daley Blind
62%
Netherlands Jaap Stam
62%
Wales Mark Hughes
62%
Colombia Radamel Falcao
62%
Argentina Marcos Rojo
59%
Spain Ander Herrera
58%
Ivory Coast Eric Bailly
58%
England Jesse Lingard
58%
Sweden Henrik Larsson
57%
Italy Matteo Darmian
57%
England Ashley Young
56%
Germany Bastian Schweinsteiger
56%
Armenia Henrikh Mkhitaryan
56%
England Wes Brown
56%
Brazil Fabio Da Silva
55%
Italy Federico Macheda
55%
Russia/USSR Andrei Kanchelskis
54%
England Gary Pallister
54%
England Michael Owen
54%
Argentina Gabriel Heinze
51%
France Louis Saha
50%
Netherlands Memphis Depay
49%
England Danny Welbeck
48%
France Laurent Blanc
48%
England Paul Ince
47%
France Mikael Silvestre
46%
Belgium Adnan Januzaj
44%
England Alan Smith
44%
Scotland Brian McClair
43%
South Africa Quinton Fortune
43%
Brazil Kleberson
42%
Norway Ronny Johnsen
42%
England Bryan Robson
40%
Italy Giuseppe Rossi
40%
England Lee Sharpe
40%
Sweden Jesper Blomqvist
38%
France Morgan Schneiderlin
36%
England Tom Cleverley
36%
Czech Republic Karel Poborsky
35%
England Paul Parker
35%
England David May
34%
Norway Henning Berg
34%
England Owen Hargreaves
34%
Republic of Ireland Darron Gibson
33%
Senegal Mame Biram Diouf
33%
Netherlands Alexander Buttner
32%
Netherlands Jordi Cruyff
29%
England James Wilson
27%
France David Bellion
22%
England Dion Dublin
21%
England Kieran Richardson
21%
England Chris Eagles
20%
Northern Ireland Keith Gillespie
20%
England Nick Powell
20%
England Josh Harrop
18%
England Luke Chadwick
11%
No matching quizzes found
Score Distribution
Percent of People with Each Score
Percentile by Number Answered
Your Score History
You have not taken this quiz